Možnosti přibližování ekonomické úrovně méně rozvinutých zemí k vyspělým státům
Analýza najdôležitejších nástrojov prerozdeľovania svetového bohatstva v prospech ekonomiky vyspelejších štátov. Odlev bohatstva z ekonomík zaostávajúcich krajín.
Gespeichert in:
| 1. Verfasser: | |
|---|---|
| Format: | Buchkapitel |
| Sprache: | Tschechisch |
| Schlagworte: | |
| Tags: |
Keine Tags, Fügen Sie das erste Tag hinzu!
|
MARC
| LEADER | 00000naa a2200000 4500 | ||
|---|---|---|---|
| 001 | 0129184 | ||
| 005 | 20220330140247.0 | ||
| 041 | 0 | |a cze | |
| 044 | |a CZ | ||
| 245 | 1 | 0 | |a Možnosti přibližování ekonomické úrovně méně rozvinutých zemí k vyspělým státům |c Jiří Chlumský |
| 520 | |a Analýza najdôležitejších nástrojov prerozdeľovania svetového bohatstva v prospech ekonomiky vyspelejších štátov. Odlev bohatstva z ekonomík zaostávajúcich krajín. | ||
| 610 | 2 | 0 | |a politika hospodárska medzinárodná |
| 610 | 2 | 0 | |a hospodárstvo svetové |
| 610 | 2 | 0 | |a krajiny vyspelé |
| 610 | 2 | 0 | |a krajiny rozvojové |
| 610 | 2 | 0 | |a bohatstvo |
| 610 | 2 | 0 | |a bohatstvo národné |
| 610 | 2 | 0 | |a bohatstvo prírodné |
| 610 | 2 | 0 | |a náklady transakčné |
| 610 | 2 | 0 | |a korporácie transnacionálne |
| 610 | 2 | 0 | |a teórie ekonomické |
| 100 | 1 | |a Chlumský, Jiří | |